| 000 | 01204nam a2200253 i 4500 | ||
|---|---|---|---|
| 001 | 181636 | ||
| 003 | ES-MaACL | ||
| 005 | 20250824085120.0 | ||
| 008 | 130226s1958 sp |||| | spa d | ||
| 080 | _a929.6(460.16 Orba) | ||
| 080 | _a35 Ursúa y Arizmendi, Martín de | ||
| 100 | 1 |
_aElorza y Rada, Francisco de. _9152389 |
|
| 245 | 1 | 0 |
_aNobiliario del valle de la Valdorba, con los escudos de armas de sus palacios y casas nobles, y relación de la conquista de Itza en la Nueva España por el conde de Lizárraga / _cpor el doctor don Francisco de Elorza y Rada, abad de Barasoaín ; lo publica la Sociedad de Bibliófilos Españoles. |
| 260 |
_aMadrid : _bSociedad de Bibliófilos Españoles, _c1958. |
||
| 300 |
_a343 p. : _bil. ; _c25 cm. |
||
| 490 | 1 |
_aSociedad de Bibliófilos Españoles. Tercera epoca ; _v1 |
|
| 594 | _aMartín de Ursúa y Arizmendi, conde de Lizárraga | ||
| 600 | 1 | 4 |
_aUrsúa y Arizmendi, Martín de. _9174112 |
| 650 | 4 |
_aHeráldica- _zNavarra (Reino) _9152390 |
|
| 710 | 2 |
_aSociedad de Bibliófilos Españoles. _96661 |
|
| 830 | 1 | 0 |
_aSociedad de Bibliófilos Españoles. Tercera época _v1 _9191518 |
| 852 | 4 |
_aES-MaACL _jJ-7(III-1) |
|
| 999 |
_c181636 _d181636 |
||